[Event "Udaipur Kingdom of Chess op 1st"]
[Site "Udaipur"]
[Date "2024.10.23"]
[Round "1"]
[White "Pavan, Pallapothu Venkata"]
[Black "Majumder, Shrayan"]
[Result "0-1"]
[WhiteElo "1467"]
[BlackElo "2134"]
[PlyCount "52"]
[EventDate "2024.10.23"]
[EventType "swiss"]
[EventRounds "9"]
[EventCountry "IND"]
[SourceTitle "CB44_2024"]
[Source "Chessbase"]
[SourceDate "2024.10.30"]
[SourceVersion "1"]
[SourceVersionDate "2024.10.30"]
[SourceQuality "1"]

1. e4 c5 2. Nc3 Nc6 3. Bb5 Nd4 4. Bc4 a6 5. a4 g6 6. Nge2 Bg7 7. 0-0 e6 8. d3 Ne7 9. Nxd4 cxd4 10. Ne2 0-0 11. Bg5 h6 12. Bd2 d5 13. exd5 Nxd5 14. Ng3 e5 15. f4 exf4 16. Bxf4 Be6 17. Qc1 Nxf4 18. Qxf4 Bxc4 19. dxc4 Rc8 20. b3 d3 21. Rad1 Qb6+ 22. Kh1 dxc2 23. Rd7 Qxb3 24. Ne4 Qxc4 25. Nf6+ Bxf6 26. Qxf6 Qxf1+ 0-1